01011cam a22003374i 4500003000900000005001700009008004100026035001900067040003300086082001900119100002600138245006700164264005600231300003800287336002100325337002500346338002300371505014600394526001000540526001000550526001000560526001000570526000800580526000800588526000800596526000800604526000800612526000800620526000800628630003700636PE-LiUPU20250731173000.0150623s1982 bl r 000 0 spa d a(Sirsi) a21844 aPE-LiUPUbspacPE-LiUPUerda04a224.9bS552211 aSilva, Horne,eautor.10aEstudos sobre os profetas menores :bcomentario /cHome Silva. 1aSao Paulo :bInstituto Adventista de Ensino,c1982. a303 páginas ;c21 centímetros atext2rdacontent aunmediated2rdamedia avolume2rdacarrier0 aLibro de Joel -- Libro de Habacuque -- Libro de Obadias -- Libro de Sofonías -- Libro de Ageu -- Libro de Zacarías -- Libro de Malaquias. aSEG42 aSEG41 aSEG40 aSEG39 aP94 aP87 aP86 aP85 aP77 aP76 aP35 aBiblia.pA.T.pProfetas menores.